[Event "II Scaccomatto A"]
[Site "Torino ITA"]
[Date "1998.04.28"]
[Round "4"]
[White "Lanzani, Mario"]
[Black "Sedina, Elena"]
[Result "1-0"]
[WhiteElo "2375"]
[BlackElo "2380"]
[PlyCount "93"]
[EventDate "1998.04.25"]

1.e4 e6 2.d4 d5 3.Nc3 Bb4 4.e5 Ne7 5.a3 Bxc3+ 6.bxc3 c5 7.Nf3 Qc7 8.h4 Bd7
9.h5 h6 10.Bd3 Nbc6 11.Kf1 c4 12.Be2 f6 13.Bf4 O-O-O 14.Qd2 Qa5 15.exf6 
gxf6 16.Bxh6 Rh7 17.Bf4 Rdh8 18.h6 Ng6 19.Be3 Nd8 20.Nh4 Nxh4 21.Rxh4 Nf7 
22.Bf3 Nd6 23.Bf4 Nf7 24.g3 Qd8 25.Kg2 Ng5 26.Rah1 Nxf3 27.Kxf3 Qf8 28.a4 
Qa3 29.Kg2 Bxa4 30.Rg4 Bd7 31.Rg7 Qf8 32.Rxh7 Rxh7 33.Qc1 Qe7 34.Re1 b6 
35.g4 Rh8 36.f3 Kb7 37.Kg3 Rg8 38.Qb2 a6 39.Qb4 Qxb4 40.cxb4 Ba4 41.c3 Bd7
42.g5 e5 43.h7 exf4+ 44.Kf2 Rd8 45.Re7 Kc6 46.Rxd7 Kxd7 47.g6 1-0

[Event "II Scaccomatto A"]
[Site "Torino ITA"]
[Date "1998.04.28"]
[Round "4"]
[White "Magnifico, Giuseppe"]
[Black "Aldrovandi, Costantino"]
[Result "0-1"]
[WhiteElo "1906"]
[BlackElo "2235"]
[PlyCount "320"]
[EventDate "1998.04.25"]

1.d4 Nf6 2.c4 g6 3.Nc3 Bg7 4.e4 d6 5.Be2 O-O 6.Bg5 c5 7.d5 h6 8.Bf4 a6 9.
a4 Kh7 10.Nf3 Bg4 11.h3 Bxf3 12.Bxf3 Nbd7 13.O-O Ne8 14.Re1 Qc7 15.Qd2 Rd8
16.Be2 Qc8 17.Be3 e5 18.f4 exf4 19.Bxf4 Ne5 20.Rf1 Qc7 21.Nd1 Qe7 22.Nf2 
Nf6 23.Rae1 Rde8 24.b3 Ng8 25.Bd1 Bf6 26.Bc2 Bg5 27.Bxg5 Qxg5 28.Qxg5 hxg5
29.Nd3 Nxd3 30.Bxd3 a5 31.g4 Kg7 32.Re2 Nf6 33.Rfe1 Nd7 34.Kg2 Ne5 35.Bc2 
Rh8 36.Re3 Rh4 37.R1e2 Reh8 38.Rg3 Re8 39.Ree3 Rhh8 40.Kf2 Ra8 41.Rc3 Ra6 
42.Kg2 Rb6 43.Rge3 Re8 44.Kg3 Rb4 45.Kg2 Kf6 46.Kg3 Ke7 47.Re1 Kd7 48.Rf1 
Kc7 49.Rf2 Rc8 50.Rf1 Kd7 51.Rf2 Ke8 52.Rh2 Kd8 53.Rf2 Ke7 54.Rf1 Rc7 55.
Ra1 Rb6 56.Rf1 Ra6 57.Ra1 Ra8 58.Rf1 Nd7 59.Rcf3 Rf8 60.Re3 Ne5 61.Rc3 Re8
62.Ra1 Kf6 63.Rf1+ Kg7 64.Rh1 Rce7 65.Rf1 Rh8 66.Re1 Nd7 67.Rce3 Rhe8 68.
Kf3 Ra8 69.Kf2 Ne5 70.Rc3 Rc8 71.Ree3 Rce8 72.Kg3 Nd7 73.Kf3 Nb8 74.Kf2 
Na6 75.Kf3 Nb4 76.Bb1 Re5 77.Kf2 Na6 78.Kf3 Nb8 79.Bc2 Nd7 80.Bb1 f6 81.
Bc2 Ra8 82.Bd3 Kf8 83.Bc2 Rae8 84.Kf2 Ke7 85.Kf3 Rf8 86.Kg3 Kd8 87.Kg2 Nb6
88.Kg3 Nc8 89.Kg2 Ne7 90.Rf3 Ng8 91.Rce3 Nh6 92.Rg3 Rfe8 93.Kf2 R5e7 94.
Rgf3 Ng8 95.Bd3 Rg7 96.Re2 Ke7 97.Rfe3 Ra8 98.Kg3 Ra6 99.Re1 Nh6 100.Kg2 
Nf7 101.Bc2 Ne5 102.R3e2 Rg8 103.Rf2 Rb6 104.Ref1 Rf8 105.Re2 Rb4 106.Re3 
Ra8 107.Rb1 Rh8 108.Rc3 Rh7 109.Kg3 Rb6 110.Re1 Ra6 111.Ree3 Ra8 112.Kg2 
Rf8 113.Re1 Ra8 114.Rce3 Ra6 115.Rc3 Rb6 116.Rb1 Rb4 117.Re1 Rh8 118.Ra1 
Rb6 119.Re1 Ra6 120.Ree3 Raa8 121.Re1 Raf8 122.Re2 Rf7 123.Re1 Rhf8 124.
Rf1 Nd7 125.Re3 Rg7 126.Rf2 Nb6 127.Ref3 Nd7 128.Re3 Rh8 129.Rfe2 b6 130.
Re1 Rgh7 131.Rc3 Rh4 132.Ree3 Ne5 133.Rg3 R4h7 134.Rce3 Rc8 135.Rc3 Rf7 
136.Rce3 Rcf8 137.Re1 Kd8 138.Ree3 Nd7 139.Re2 Nb8 140.Ree3 Re7 141.Kf2 
Na6 142.Re1 Nc7 143.Ree3 Ne8 144.Re1 Ng7 145.Rge3 Ref7 146.Rf3 Ke7 147.Kg2
Ne8 148.Ref1 Nc7 149.R1f2 Na6 150.Bb1 Nb8 151.Bc2 Nd7 152.Re3 Ne5 153.Rf1 
Rc8 154.Re2 Rh8 155.Re3 Rff8 156.Rfe1 Nf7 157.Rf3 Rh7 158.Rc3 Nh6 159.Rf3 
Rfh8 160.Kf1 Nxg4 0-1

[Event "II Scaccomatto A"]
[Site "Torino ITA"]
[Date "1998.04.28"]
[Round "4"]
[White "Malano, Francesco"]
[Black "Ragni, Paolo"]
[Result "1-0"]
[WhiteElo "2050"]
[BlackElo "2028"]
[PlyCount "71"]
[EventDate "1998.04.25"]

1.Nf3 d5 2.b3 Nf6 3.Bb2 e6 4.e3 Bd6 5.Ne5 O-O 6.Be2 Nbd7 7.f4 c5 8.O-O Qc7
9.d4 Ne4 10.Nd2 Nxd2 11.Qxd2 f6 12.Nf3 b6 13.g3 Bb7 14.c4 Rad8 15.Rac1 Qb8
16.Ne1 Rfe8 17.Bf3 dxc4 18.bxc4 Bxf3 19.Nxf3 Qb7 20.a4 f5 21.Qd3 Nf6 22.
Nd2 cxd4 23.exd4 Bb4 24.Bc3 Bxc3 25.Rxc3 Qd7 26.Nf3 Qxa4 27.Ne5 b5 28.cxb5
Rxd4 29.Ra3 Qb4 30.Qc3 Nd5 31.Qc6 Qe7 32.Rxa7 Qd8 33.Qb7 Ne7 34.Nc6 Qd5 
35.Nxe7+ Rxe7 36.Qxe7 1-0

[Event "II Scaccomatto A"]
[Site "Torino ITA"]
[Date "1998.04.28"]
[Round "4"]
[White "Mastrorilli, Nicola"]
[Black "Mollero, Michele"]
[Result "1/2-1/2"]
[WhiteElo "1905"]
[BlackElo "2135"]
[PlyCount "41"]
[EventDate "1998.04.25"]

1.d4 d5 2.Nf3 Nf6 3.c4 dxc4 4.e3 e6 5.Bxc4 c5 6.O-O a6 7.dxc5 Qxd1 8.Rxd1 
Bxc5 9.a3 b5 10.Be2 Bb7 11.b4 Bb6 12.Bb2 Nbd7 13.Nc3 Ke7 14.a4 bxa4 15.
Nxa4 Bc7 16.b5 Rhb8 17.Nd4 axb5 18.Nxb5 Bc6 19.Nxc7 Rxa4 20.Bxf6+ Nxf6 21.
h3 1/2-1/2

[Event "II Scaccomatto A"]
[Site "Torino ITA"]
[Date "1998.04.28"]
[Round "4"]
[White "Racioppo, Paolo"]
[Black "Sarno, Spartaco"]
[Result "1/2-1/2"]
[WhiteElo "2235"]
[BlackElo "2375"]
[PlyCount "57"]
[EventDate "1998.04.25"]

1.e4 d6 2.d4 Nf6 3.Nc3 g6 4.Be3 Bg7 5.Qd2 O-O 6.f3 c6 7.g4 b5 8.g5 Nfd7 9.
h4 Re8 10.Nge2 Nb6 11.b3 N8d7 12.Bg2 Bb7 13.h5 Qc7 14.hxg6 fxg6 15.Nd1 e5 
16.Nf2 d5 17.Ng4 Rad8 18.Nh6+ Bxh6 19.gxh6 dxe4 20.fxe4 exd4 21.Bg5 Rc8 
22.Qxd4 Qe5 23.O-O c5 24.Qxe5 Nxe5 25.Ng3 c4 26.Bh3 Rc7 27.Rf2 Bc8 28.Bxc8
Nxc8 29.Rd1 1/2-1/2

[Event "II Scaccomatto A"]
[Site "Torino ITA"]
[Date "1998.04.28"]
[Round "4"]
[White "Ranieri, Fabrizio"]
[Black "Barbiso, Tiziana"]
[Result "1/2-1/2"]
[WhiteElo "2195"]
[BlackElo "1840"]
[PlyCount "47"]
[EventDate "1998.04.25"]

1.e4 e6 2.d4 d5 3.Nc3 Nf6 4.Bg5 dxe4 5.Nxe4 Nbd7 6.Nf3 Be7 7.Nxf6+ Nxf6 8.
Bd3 O-O 9.Qd2 b6 10.O-O-O Bb7 11.h4 c5 12.dxc5 Bxc5 13.Qf4 Qb8 14.Qa4 Be7 
15.h5 Qc7 16.Rhe1 Rfd8 17.Ne5 Rd5 18.f4 Ra5 19.Qc4 Rc5 20.Qd4 Rc8 21.Qf2 
Ba6 22.Rd2 Bxd3 23.Nxd3 Ra5 24.Kb1 1/2-1/2

[Event "II Scaccomatto A"]
[Site "Torino ITA"]
[Date "1998.04.28"]
[Round "4"]
[White "Ravagnani, Tiziano"]
[Black "Sulava, Nenad"]
[Result "0-1"]
[WhiteElo "2015"]
[BlackElo "2450"]
[PlyCount "116"]
[EventDate "1998.04.25"]

1.e4 c5 2.c3 Nf6 3.e5 Nd5 4.d4 cxd4 5.cxd4 Qa5+ 6.Nc3 Nxc3 7.Qd2 d6 8.exd6
e5 9.Qxc3 Qxc3+ 10.bxc3 exd4 11.Bf4 dxc3 12.Rc1 Nc6 13.Bb5 Be6 14.Rxc3 Bd5
15.Nf3 O-O-O 16.O-O Bxd6 17.Ne5 Bxe5 18.Bxe5 f6 19.Bf4 Rhe8 20.Rfc1 Re4 
21.Be3 Rg4 22.g3 a6 23.Bd3 Ra4 24.a3 Be4 25.Be2 Re8 26.f3 Bd5 27.Kf2 Kb8 
28.Rd1 Be6 29.f4 Bc8 30.Bf3 Na7 31.Rb3 Nb5 32.Rdb1 Rxa3 33.Rxa3 Nxa3 34.
Rc1 Nb5 35.Bb6 Re6 36.Bd8 Rd6 37.Ba5 b6 38.Bb4 Rd4 39.Bf8 Bb7 40.Bxg7 Rd2+
41.Ke3 Rd6 42.Bxb7 Kxb7 43.f5 a5 44.Rc4 Nc7 45.Rd4 Rxd4 46.Kxd4 Ne8 47.Bf8
Kc6 48.g4 b5 49.h4 b4 50.g5 fxg5 51.hxg5 Nd6 52.Ke5 b3 53.g6 b2 54.g7 b1=Q
55.g8=Q Qe4+ 56.Kf6 Qxf5+ 57.Kg7 Qg6+ 58.Kh8 Nf7+ 0-1

[Event "II Scaccomatto A"]
[Site "Torino ITA"]
[Date "1998.04.28"]
[Round "4"]
[White "Romanishin, Oleg M."]
[Black "Dorfman, Iossif D."]
[Result "1/2-1/2"]
[WhiteElo "2570"]
[BlackElo "2600"]
[PlyCount "41"]
[EventDate "1998.04.25"]

1.Nf3 Nf6 2.c4 g6 3.g3 Bg7 4.Bg2 c6 5.O-O d5 6.Qb3 O-O 7.d4 Qb6 8.Nc3 Bf5 
9.c5 Qxb3 10.axb3 Nbd7 11.b4 a6 12.Bf4 h6 13.h3 g5 14.Be3 Ne4 15.Rfd1 Rae8
16.Na2 e5 17.Nc1 Nef6 18.dxe5 Nxe5 19.Nxe5 Rxe5 20.Bd4 Re7 21.e3 1/2-1/2

[Event "II Scaccomatto A"]
[Site "Torino ITA"]
[Date "1998.04.28"]
[Round "4"]
[White "Sebastianelli, Diego"]
[Black "Spinelli, Doriano"]
[Result "1-0"]
[WhiteElo "2345"]
[BlackElo "2200"]
[PlyCount "73"]
[EventDate "1998.04.25"]

1.e4 d5 2.exd5 Nf6 3.d4 Bg4 4.Be2 Bxe2 5.Qxe2 Qxd5 6.Nf3 e6 7.O-O c6 8.c4 
Qe4 9.Qd1 Bd6 10.Nc3 Qf5 11.d5 exd5 12.Nd4 Qg4 13.Re1+ Kd7 14.cxd5 cxd5 
15.Nxd5 Qxd1 16.Nxf6+ gxf6 17.Rxd1 Be5 18.Be3 Bxd4 19.Rxd4+ Ke6 20.Re4+ 
Kf5 21.Re7 Nc6 22.Rxb7 Rab8 23.Rxf7 Rxb2 24.a4 a6 25.h3 Ne5 26.Ra7 Nc4 27.
Re1 Re8 28.Rxa6 Ra2 29.Rf1 Re6 30.g4+ Ke5 31.Bf4+ Kxf4 32.Rxe6 f5 33.Rf6 
Ke5 34.Rxf5+ Ke4 35.Re1+ Kd4 36.Kg2 Rxa4 37.Rf4+ 1-0

[Event "II Scaccomatto A"]
[Site "Torino ITA"]
[Date "1998.04.28"]
[Round "4"]
[White "Velikov, Petar V."]
[Black "Luther, Thomas"]
[Result "1/2-1/2"]
[WhiteElo "2475"]
[BlackElo "2510"]
[PlyCount "23"]
[EventDate "1998.04.25"]

1.Nf3 d5 2.c4 d4 3.b4 g6 4.Bb2 Bg7 5.e4 e5 6.d3 c6 7.Nbd2 a5 8.bxa5 Qxa5 
9.Be2 Nf6 10.O-O O-O 11.a4 Re8 12.Ba3 1/2-1/2

[Event "II Scaccomatto A"]
[Site "Torino ITA"]
[Date "1998.04.29"]
[Round "5"]
[White "Aldrovandi, Costantino"]
[Black "Arlandi, Ennio"]
[Result "1/2-1/2"]
[WhiteElo "2235"]
[BlackElo "2425"]
[PlyCount "124"]
[EventDate "1998.04.25"]

1.e4 c5 2.c3 d5 3.exd5 Qxd5 4.d4 Nf6 5.Nf3 Bg4 6.Be2 e6 7.h3 Bh5 8.O-O Nc6
9.Be3 cxd4 10.Nxd4 Bxe2 11.Qxe2 Nxd4 12.Bxd4 Be7 13.Rd1 Qc6 14.Nd2 O-O 15.
Nf3 Rfd8 16.c4 Qe4 17.Qxe4 Nxe4 18.Kf1 b6 19.Ke2 f6 20.Be3 e5 21.g4 Kf7 
22.Ne1 Bc5 23.f3 Bxe3 24.fxe4 Bd4 25.Rab1 h5 26.Nf3 Rd7 27.Nxd4 exd4 28.
Kd3 Re8 29.Rf1 hxg4 30.hxg4 Kg6 31.b4 Rh8 32.Rh1 Re8 33.Rhf1 Rh8 34.Rh1 
Re8 35.Rh5 Rde7 36.Re1 Re5 37.Rf5 Kf7 38.Kxd4 Rd8+ 39.Kc3 Ke6 40.a4 Rh8 
41.b5 Rh4 42.a5 Rxg4 43.Rxe5+ fxe5 44.a6 Kd6 45.Rd1+ Kc7 46.Rf1 Rxe4 47.
Rf7+ Kd6 48.Rxg7 Re1 49.Rxa7 Rc1+ 50.Kd3 e4+ 51.Kd4 e3 52.Kxe3 Rxc4 53.Rh7
Ra4 54.Rh5 Rg4 55.Rh8 Ra4 56.Rc8 Ke5 57.Kd3 Kd5 58.Kc3 Ra1 59.Kb2 Ra5 60.
Rc3 Rxb5+ 61.Ka2 Ra5+ 62.Ra3 Kc6 1/2-1/2

[Event "II Scaccomatto A"]
[Site "Torino ITA"]
[Date "1998.04.29"]
[Round "5"]
[White "Barbiso, Tiziana"]
[Black "Castaldo, Folco"]
[Result "0-1"]
[WhiteElo "1840"]
[BlackElo "2155"]
[PlyCount "54"]
[EventDate "1998.04.25"]

1.e4 e6 2.d4 d5 3.exd5 exd5 4.Bd3 c5 5.Nf3 Nc6 6.dxc5 Bxc5 7.O-O Nf6 8.
Re1+ Be7 9.h3 O-O 10.Nbd2 Qc7 11.Nb3 h6 12.c3 Re8 13.Nfd4 a6 14.Qf3 Ne5 
15.Qg3 Bd6 16.Bxh6 Neg4 17.Rxe8+ Nxe8 18.Re1 Bd7 19.Qh4 Nxh6 20.g4 Qc8 21.
g5 Nf5 22.Nxf5 Bxf5 23.Rxe8+ Qxe8 24.Bxf5 g6 25.Bd3 Qe5 26.Qh6 Qh2+ 27.Kf1
Re8 0-1

[Event "II Scaccomatto A"]
[Site "Torino ITA"]
[Date "1998.04.29"]
[Round "5"]
[White "Burlando, Alessandro"]
[Black "Malano, Francesco"]
[Result "1/2-1/2"]
[WhiteElo "2112"]
[BlackElo "2050"]
[PlyCount "143"]
[EventDate "1998.04.25"]

1.d4 Nf6 2.c4 e6 3.Nf3 b6 4.a3 Bb7 5.Nc3 d5 6.cxd5 Nxd5 7.e3 Be7 8.Bd3 
Nxc3 9.bxc3 c5 10.Qc2 g6 11.O-O O-O 12.Ne5 Nc6 13.f4 Rc8 14.Qe2 cxd4 15.
cxd4 Rc7 16.Bb2 Bf6 17.Rad1 Bg7 18.Nf3 Qd6 19.h4 Rfc8 20.h5 Na5 21.hxg6 
hxg6 22.Ne5 Bd5 23.Ba6 Rc2 24.Rd2 Rxd2 25.Qxd2 Rc7 26.Qd3 Bb7 27.Bxb7 Nxb7
28.Qb5 Na5 29.Rc1 Rxc1+ 30.Bxc1 Bxe5 31.fxe5 Qc6 32.Qxc6 Nxc6 33.Bd2 Kf8 
34.Kf2 Ke7 35.Bc3 b5 36.e4 a5 37.Ke3 b4 38.axb4 axb4 39.Bb2 Na5 40.Kd3 Kd7
41.d5 Kc7 42.Bd4 Kb7 43.Bc5 b3 44.Bb4 Nc4 45.Bc3 b2 46.Kc2 exd5 47.exd5 
Ne3+ 48.Kxb2 Nxd5 49.Bd2 Kc6 50.Kc2 Nb6 51.Kd3 Kd5 52.Ke2 Kxe5 53.Kf3 Nd5 
54.Bc1 f6 55.Bb2+ Kf5 56.Bd4 Kg5 57.Ke4 Ne7 58.Kf3 f5 59.Be3+ Kh5 60.Bb6 
Nd5 61.Bd4 g5 62.Be5 g4+ 63.Kf2 f4 64.Bd6 Kg5 65.Ba3 Kf5 66.Bd6 Ke4 67.Bc5
Ne3 68.Bd6 Nxg2 69.Kxg2 Ke3 70.Bb8 f3+ 71.Kg3 Ke2 72.Ba7 1/2-1/2

[Event "II Scaccomatto A"]
[Site "Torino ITA"]
[Date "1998.04.29"]
[Round "5"]
[White "Cacco, Christian"]
[Black "Crea, Vincenzo"]
[Result "1-0"]
[WhiteElo "2180"]
[BlackElo "2120"]
[PlyCount "101"]
[EventDate "1998.04.25"]

1.d4 d5 2.Nf3 c6 3.Bf4 Qb6 4.Qc1 Nf6 5.h3 Bf5 6.e3 e6 7.Be2 c5 8.O-O Nc6 
9.dxc5 Qxc5 10.c4 Nb4 11.Ne1 Bxb1 12.Qxb1 dxc4 13.a3 Nbd5 14.b4 Qc8 15.Be5
b5 16.Bf3 Be7 17.a4 a6 18.Nc2 O-O 19.e4 Nb6 20.axb5 axb5 21.Ra5 Nfd7 22.
Ba1 Qc7 23.Rxb5 Qf4 24.Qc1 Qxc1 25.Rxc1 Ra2 26.Ne3 Ra4 27.Bc3 Rfa8 28.Bd1 
Ra2 29.Bd4 Bh4 30.g3 Bd8 31.Bf3 e5 32.Bc3 Na4 33.Nxc4 Nxc3 34.Rxc3 Ra1+ 
35.Kg2 g6 36.Bg4 Nf6 37.Bf3 Rc8 38.Rxe5 Rb1 39.Rc5 Rb8 40.e5 Nd7 41.Rd5 
Nf8 42.Na5 Bxa5 43.bxa5 Ra1 44.Be2 Rb2 45.Bc4 Ne6 46.Rd7 Ng5 47.h4 Rxf2+ 
48.Kxf2 Ne4+ 49.Ke3 Nxc3 50.Rxf7 Rxa5 51.Kd3 1-0

[Event "II Scaccomatto A"]
[Site "Torino ITA"]
[Date "1998.04.29"]
[Round "5"]
[White "David, Alberto"]
[Black "Romanishin, Oleg M."]
[Result "0-1"]
[WhiteElo "2525"]
[BlackElo "2570"]
[PlyCount "29"]
[EventDate "1998.04.25"]

1.e4 e5 2.f4 exf4 3.Nc3 Qh4+ 4.Ke2 d6 5.Nd5 Qd8 6.d4 Nf6 7.Nc3 d5 8.e5 Ne4
9.Bxf4 Nc6 10.Nxe4 dxe4 11.Ke3 Be7 12.Kxe4 O-O 13.d5 Nb4 14.c4 Qd7 15.g4 
0-1

[Event "II Scaccomatto A"]
[Site "Torino ITA"]
[Date "1998.04.29"]
[Round "5"]
[White "Dorfman, Iossif D."]
[Black "Cebalo, Miso"]
[Result "1/2-1/2"]
[WhiteElo "2600"]
[BlackElo "2515"]
[PlyCount "61"]
[EventDate "1998.04.25"]

1.Nf3 c5 2.c4 Nf6 3.Nc3 g6 4.d4 cxd4 5.Nxd4 Nc6 6.e4 d6 7.Be2 Nxd4 8.Qxd4 
Bg7 9.Be3 O-O 10.Qd2 Be6 11.O-O Qa5 12.Rfc1 Rfc8 13.b3 a6 14.Rab1 Qd8 15.
f3 Nd7 16.Nd5 Bxd5 17.exd5 a5 18.a3 b6 19.Bd1 Rcb8 20.a4 Nc5 21.Bc2 Qf8 
22.Re1 Re8 23.Bf2 Bf6 24.Re2 Qg7 25.Rd1 Rad8 26.g3 Bc3 27.Qg5 Qf6 28.Qxf6 
exf6 29.Re3 Rxe3 30.Bxe3 f5 31.Kg2 1/2-1/2

[Event "II Scaccomatto A"]
[Site "Torino ITA"]
[Date "1998.04.29"]
[Round "5"]
[White "Dubois, Martine"]
[Black "Mastrorilli, Nicola"]
[Result "1/2-1/2"]
[WhiteElo "2060"]
[BlackElo "1905"]
[PlyCount "88"]
[EventDate "1998.04.25"]

1.e4 c5 2.c3 d5 3.exd5 Qxd5 4.d4 Nf6 5.Nf3 cxd4 6.cxd4 g6 7.Nc3 Qd8 8.Bf4 
Bg7 9.Bxb8 Rxb8 10.Qa4+ Bd7 11.Qxa7 O-O 12.Be2 Bc6 13.O-O Nh5 14.Ne5 Nf4 
15.Bf3 Bxf3 16.Nxf3 Qc8 17.Ne4 Qg4 18.Ng3 h5 19.Qa3 Bf6 20.h3 Qd7 21.Qe3 
g5 22.Qe4 e6 23.h4 Qe7 24.hxg5 Bxg5 25.Rfe1 Rfd8 26.Rad1 Bh6 27.Re3 Rd5 
28.Nf5 Qf6 29.Nxh6+ Qxh6 30.Nh4 Rbd8 31.Rf3 Rxd4 32.Rxd4 Rxd4 33.Rg3+ Kf8 
34.Qe5 Ne2+ 35.Qxe2 Qc1+ 36.Kh2 Rxh4+ 37.Rh3 Qf4+ 38.g3 Rxh3+ 39.Kxh3 Qf5+
40.Kh4 Qd5 41.Qe3 Qxa2 42.Qc5+ Kg7 43.Qg5+ Kf8 44.Qd8+ Kg7 1/2-1/2

[Event "II Scaccomatto A"]
[Site "Torino ITA"]
[Date "1998.04.29"]
[Round "5"]
[White "Mordiglia, Riccardo"]
[Black "Magnifico, Giuseppe"]
[Result "1/2-1/2"]
[WhiteElo "2115"]
[BlackElo "1906"]
[PlyCount "56"]
[EventDate "1998.04.25"]

1.Nc3 Nf6 2.d4 d6 3.e4 g6 4.f4 Bg7 5.e5 dxe5 6.dxe5 Qxd1+ 7.Kxd1 Ng4 8.Nd5
Kd8 9.Ke1 f6 10.h3 Nh6 11.Nf3 Nf5 12.g4 Ng3 13.Rh2 c6 14.Nc3 Nxf1 15.Kxf1 
Na6 16.Be3 Kc7 17.Rd1 Rd8 18.Rxd8 Kxd8 19.Rd2+ Ke8 20.Kg2 b6 21.exf6 Bxf6 
22.Bd4 Bxd4 23.Nxd4 Nc7 24.Kg3 Bb7 25.Nf3 Rd8 26.Rxd8+ Kxd8 27.Ne5 Ne6 28.
Ne2 c5 1/2-1/2

[Event "II Scaccomatto A"]
[Site "Torino ITA"]
[Date "1998.04.29"]
[Round "5"]
[White "Ragni, Paolo"]
[Black "Ravagnani, Tiziano"]
[Result "1-0"]
[WhiteElo "2028"]
[BlackElo "2015"]
[PlyCount "97"]
[EventDate "1998.04.25"]

1.c4 e5 2.Nc3 f5 3.e4 Nf6 4.Nf3 Nc6 5.d3 Bb4 6.Qc2 d6 7.a3 Bxc3+ 8.bxc3 
fxe4 9.dxe4 O-O 10.Be2 Ne7 11.c5 Ng6 12.cxd6 cxd6 13.O-O Qc7 14.Rd1 Nf4 
15.Bxf4 exf4 16.Nd4 d5 17.exd5 Nxd5 18.Qb3 Qc5 19.Bc4 Rd8 20.Nf3 Be6 21.
Ng5 b5 22.Nxe6 bxc4 23.Qc2 Ne3 24.Qe4 Qe7 25.fxe3 Re8 26.Qxc4 Rac8 27.Nc7+
Kh8 28.Nd5 Rxc4 29.Nxe7 fxe3 30.Nd5 g5 31.Rab1 Rc5 32.Rd4 Re5 33.Nf6 e2 
34.Ne4 Rc8 35.Kf2 Kg7 36.Re1 Rce8 37.Ke3 Rc8 38.Kd3 Rb8 39.Rxe2 a5 40.g4 
Rb1 41.Rf2 Rd1+ 42.Nd2 Ra1 43.Rd7+ Kg6 44.Rff7 h5 45.Rg7+ Kf6 46.Ne4+ Rxe4
47.Kxe4 Rxa3 48.gxh5 Rxc3 49.Rg6# 1-0

[Event "II Scaccomatto A"]
[Site "Torino ITA"]
[Date "1998.04.29"]
[Round "5"]
[White "Rossi, Carlo"]
[Black "Valenti, Giuseppe"]
[Result "0-1"]
[WhiteElo "2330"]
[BlackElo "2210"]
[PlyCount "94"]
[EventDate "1998.04.25"]

1.e4 c5 2.Nf3 e6 3.b3 Nc6 4.Bb2 Nf6 5.e5 Nd5 6.Bb5 Qb6 7.Na3 a6 8.Bf1 Qc7 
9.Nc4 b5 10.Ne3 Nf4 11.g3 Ng6 12.Bg2 Rb8 13.O-O Be7 14.Qe2 O-O 15.Ng4 Re8 
16.Nf6+ gxf6 17.exf6 Bf8 18.Ng5 d5 19.h4 h6 20.h5 hxg5 21.hxg6 fxg6 22.
Bxd5 Nd4 23.Bxd4 cxd4 24.Be4 Qf7 25.f4 Qxf6 26.fxg5 Qxg5 27.Qf3 Kh8 28.Rf2
e5 29.Rh2+ Kg7 30.Qh1 Bf5 31.Rh7+ Kf6 32.Rf1 Qxg3+ 33.Bg2 d3 34.Rf3 Bc5+ 
35.Kf1 dxc2 36.Rxf5+ gxf5 37.Qh6+ Qg6 38.Qh4+ Ke6 39.Rh6 c1=Q+ 40.Ke2 Qxh6
41.Qxh6+ Ke7 42.Bc6 Red8 43.Qg7+ Kd6 44.Bg2 Rb6 45.Qf7 Rd7 46.Qg8 Kc7 47.
Bd5 Rbd6 0-1

[Event "II Scaccomatto A"]
[Site "Torino ITA"]
[Date "1998.04.29"]
[Round "5"]
[White "Sacchini, Michele"]
[Black "Ranieri, Fabrizio"]
[Result "0-1"]
[WhiteElo "2030"]
[BlackElo "2195"]
[PlyCount "66"]
[EventDate "1998.04.25"]

1.d4 e6 2.Nf3 d5 3.c4 Nf6 4.Nc3 c6 5.Bg5 h6 6.Bh4 g5 7.Bg3 dxc4 8.e3 b5 9.
Be2 Bb7 10.O-O Nbd7 11.a4 a6 12.Nd2 Nb6 13.Nce4 Nxe4 14.Nxe4 Be7 15.Be5 
O-O 16.Ng3 f6 17.Qc2 f5 18.Bh5 Bd6 19.Bxd6 Qxd6 20.e4 Qxd4 21.Rad1 Qf6 22.
Rd6 Rad8 23.Rfd1 Rxd6 24.Rxd6 Qe7 25.Qd2 Nd5 26.Nxf5 Rxf5 27.exf5 Qxd6 28.
f6 Qf4 29.f7+ Kf8 30.Qe1 Qf5 31.g3 b4 32.g4 Qf3 33.Qxe6 Qd1+ 0-1

[Event "II Scaccomatto A"]
[Site "Torino ITA"]
[Date "1998.04.29"]
[Round "5"]
[White "Sarno, Spartaco"]
[Black "Astengo, Corrado"]
[Result "1-0"]
[WhiteElo "2375"]
[BlackElo "2180"]
[PlyCount "57"]
[EventDate "1998.04.25"]

1.c4 b6 2.Nf3 Nf6 3.g3 Bb7 4.Bg2 e6 5.O-O Be7 6.b3 O-O 7.Bb2 c5 8.e3 Nc6 
9.Qe2 d5 10.Rd1 dxc4 11.bxc4 Rc8 12.Nc3 Rc7 13.d4 cxd4 14.exd4 Na5 15.d5 
exd5 16.cxd5 Bb4 17.Nb5 Re8 18.Bxf6 gxf6 19.Qxe8+ Qxe8 20.Nxc7 Qd7 21.d6 
Bxd6 22.Nd5 Kg7 23.Ne3 Be4 24.Nh4 Bxg2 25.Rxd6 Qc7 26.Nef5+ Kf8 27.Kxg2 
Nc4 28.Rd4 Ne5 29.Rad1 1-0

[Event "II Scaccomatto A"]
[Site "Torino ITA"]
[Date "1998.04.29"]
[Round "5"]
[White "Sebastianelli, Diego"]
[Black "Velikov, Petar V."]
[Result "0-1"]
[WhiteElo "2345"]
[BlackElo "2475"]
[PlyCount "60"]
[EventDate "1998.04.25"]

1.e4 c5 2.Nf3 e6 3.d4 cxd4 4.Nxd4 a6 5.Nc3 b5 6.Bd3 Qb6 7.Nb3 Qc7 8.Be3 
Bb7 9.O-O Nf6 10.a3 d6 11.f4 Nbd7 12.Qf3 Be7 13.Qh3 O-O 14.Kh1 Rfe8 15.
Rae1 e5 16.fxe5 dxe5 17.Bg5 Nf8 18.Qf3 Ne6 19.Be3 Rad8 20.Ne2 Rd7 21.Ng3 
g6 22.Ne2 Bd8 23.Ng3 h5 24.Bd2 Nh7 25.Ne2 Nhg5 26.Qe3 Qb8 27.Bb4 Ba8 28.
Nc5 Qa7 29.Nc3 Bb6 30.Nd5 Bxd5 0-1

[Event "II Scaccomatto A"]
[Site "Torino ITA"]
[Date "1998.04.29"]
[Round "5"]
[White "Sedina, Elena"]
[Black "Racioppo, Paolo"]
[Result "1-0"]
[WhiteElo "2380"]
[BlackElo "2235"]
[PlyCount "79"]
[EventDate "1998.04.25"]

1.e4 c5 2.Nf3 a6 3.c3 d6 4.d4 Nd7 5.Bd3 e6 6.O-O Ne7 7.Re1 Ng6 8.a4 b6 9.
Be3 Be7 10.Nbd2 Qc7 11.Nf1 Bb7 12.Ng3 O-O 13.Ng5 c4 14.Bc2 Bxg5 15.Bxg5 f6
16.Bd2 Rf7 17.b3 b5 18.f4 Ngf8 19.axb5 axb5 20.Rxa8 Bxa8 21.Qa1 Bb7 22.
bxc4 bxc4 23.Rb1 Nb8 24.Qb2 Nc6 25.Qb5 Nd8 26.Qb6 d5 27.f5 e5 28.dxe5 fxe5
29.Bg5 Qxb6+ 30.Rxb6 Nc6 31.exd5 Nd4 32.Be4 Rd7 33.cxd4 exd4 34.Rb4 Ba6 
35.Ra4 Bb5 36.Rb4 Ba6 37.Ne2 h6 38.Bh4 d3 39.Nc3 Kf7 40.Kf2 1-0

[Event "II Scaccomatto A"]
[Site "Torino ITA"]
[Date "1998.04.29"]
[Round "5"]
[White "Spinelli, Doriano"]
[Black "Lampic, Teo"]
[Result "1-0"]
[WhiteElo "2200"]
[BlackElo "2295"]
[PlyCount "49"]
[EventDate "1998.04.25"]

1.e4 e6 2.d4 d5 3.Nc3 Nf6 4.Bg5 dxe4 5.Nxe4 Nbd7 6.Ng3 c5 7.Nf3 Qb6 8.Bd3 
Qxb2 9.O-O Qb6 10.Rb1 Qc7 11.Bb5 Nd5 12.Ne5 Bd6 13.Qg4 cxd4 14.Nxd7 Bxd7 
15.Bxd7+ Kxd7 16.Qxd4 f6 17.c4 Nb6 18.Ne4 e5 19.Qd3 Ke7 20.Be3 Nxc4 21.
Rfc1 Rac8 22.Rxc4 Qxc4 23.Qxd6+ Kf7 24.Qd7+ Kg8 25.Nd6 1-0

[Event "II Scaccomatto A"]
[Site "Torino ITA"]
[Date "1998.04.29"]
[Round "5"]
[White "Squarci, Franco"]
[Black "Mollero, Michele"]
[Result "1/2-1/2"]
[WhiteElo "1948"]
[BlackElo "2135"]
[PlyCount "36"]
[EventDate "1998.04.25"]

1.d4 d5 2.c4 dxc4 3.e4 Nf6 4.Nc3 e5 5.Be3 Ng4 6.Nf3 Nxe3 7.fxe3 Bg4 8.Qa4+
c6 9.Bxc4 Bxf3 10.O-O Bh5 11.Rf5 Bg6 12.Rxe5+ Be7 13.Nd5 b5 14.Qb4 cxd5 
15.Bxd5 Nd7 16.Bc6 Kf8 17.Qxb5 Rb8 18.Qd5 Nxe5 1/2-1/2

[Event "II Scaccomatto A"]
[Site "Torino ITA"]
[Date "1998.04.29"]
[Round "5"]
[White "Sulava, Nenad"]
[Black "Faraoni, Enrico"]
[Result "1/2-1/2"]
[WhiteElo "2450"]
[BlackElo "2190"]
[PlyCount "111"]
[EventDate "1998.04.25"]

1.Nf3 g6 2.d4 Bg7 3.e4 d6 4.Bc4 Nf6 5.Qe2 O-O 6.Nc3 c6 7.e5 Nd5 8.exd6 
exd6 9.Bxd5 cxd5 10.O-O Re8 11.Be3 Nc6 12.Nxd5 Bg4 13.c3 Qa5 14.Nf4 g5 15.
Nd3 Qf5 16.Rfd1 Re4 17.Nde1 Rae8 18.Qd3 d5 19.Nxg5 Rxe3 20.Qxf5 Rxe1+ 21.
Rxe1 Rxe1+ 22.Rxe1 Bxf5 23.Re8+ Bf8 24.b4 a6 25.a4 f6 26.Ne6 Bxe6 27.Rxe6 
Kf7 28.Re2 Ne7 29.f4 Nf5 30.Kf2 h5 31.g3 Nd6 32.Kf3 Bg7 33.h3 f5 34.g4 
hxg4+ 35.hxg4 fxg4+ 36.Kxg4 Ne4 37.Rc2 b5 38.Kf3 Ke6 39.Ke3 Kf5 40.Kd3 Bh6
41.Rh2 Bxf4 42.Rh8 bxa4 43.Ra8 Nd6 44.Rxa6 Nc4 45.Kc2 a3 46.Kb3 Ke4 47.Ra7
Kd3 48.Rd7 Nd6 49.Kxa3 Kxc3 50.Ka4 Kxd4 51.Rh7 Ke4 52.b5 d4 53.b6 d3 54.b7
d2 55.b8=Q d1=Q+ 56.Qb3 1/2-1/2

[Event "II Scaccomatto A"]
[Site "Torino ITA"]
[Date "1998.04.30"]
[Round "6"]
[White "Cacco, Christian"]
[Black "Aldrovandi, Costantino"]
[Result "0-1"]
[WhiteElo "2180"]
[BlackElo "2235"]
[PlyCount "94"]
[EventDate "1998.04.25"]

1.e4 c5 2.Nf3 e6 3.d4 cxd4 4.Nxd4 Nf6 5.Bd3 Nc6 6.Be3 d5 7.Bb5 Bd7 8.exd5 
Nxd5 9.Bxc6 bxc6 10.Bd2 Qb8 11.O-O Qxb2 12.Nb3 Qf6 13.c4 Nb6 14.Qg4 Qg6 
15.Qf4 Be7 16.a4 e5 17.Qxe5 Nxc4 18.Qe2 Be6 19.Nd4 Bd5 20.g3 Nxd2 21.Nxd2 
Qf6 22.Rfe1 O-O 23.Nxc6 Qxc6 24.Qxe7 Bh1 25.f3 Bxf3 26.Nxf3 Qxf3 27.Qe3 
Qc6 28.Qe4 Qc5+ 29.Kh1 Rad8 30.Rac1 Qa5 31.Re2 g6 32.Rf1 Rd2 33.Rff2 Rxe2 
34.Rxe2 Rd8 35.Kg1 Qc5+ 36.Kg2 Rd4 37.Qe8+ Kg7 38.h3 Qd5+ 39.Kf2 h5 40.h4 
Qf5+ 41.Kg2 Qa5 42.Qb5 Rxa4 43.Qb2+ Kh7 44.Re8 Qd5+ 45.Kh2 Rd4 46.Re2 a5 
47.Rf2 Rd1 0-1